00516nam a22001817a 450000500170000001000150001702000260003203500130005803700130007108200160008410000230010024500570012325000220018026000410020227000520024330000200029550000190031520150805122716.0 aENG-113224 a9789382711179c495.00 aEN-96756 bDBAD/PUB a332.6730954 aKabra, Kamal Nayan aFDI in retail :cby Kamal Nayan Kabraba self goal / arev. & updated ed aNew Delhi bVitasta Publishingc2015 a2/15, Ansari Road, DaryaganjbNew Delhie110002 a180p.c22cm(Hb) aIncludes index